| 000 | 00552nam a22001577a 4500 | ||
|---|---|---|---|
| 003 | NUST | ||
| 082 | _a629.8 | ||
| 100 |
_aSalman Sadiq ,Muhammad _9126978 |
||
| 245 |
_aFast Marching Trees (FMT*) For Dynamic Motion Planning _cMuhammad Salman Sadiq |
||
| 264 |
_aIslamabad: _bSMME- NUST. _c 2024. |
||
| 300 |
_bSoft Copy, _c30cm. |
||
| 650 |
_aMS Robotics and Intelligent Machine Engineering _9119486 |
||
| 700 |
_aSupervisor: Dr. Khawaja Fahad Iqbal _9125661 |
||
| 856 | _uhttp://10.250.8.41:8080/xmlui/handle/123456789/47997 | ||
| 942 |
_2ddc _cTHE |
||
| 999 |
_c612337 _d612337 |
||